Pulling together : Teawork in practice

Bibliographic Details
Main Author: HARDINGHAM
Other Authors: Royal
Format: Book
Published: London : Institute of Personnel and Development , 1994
Subjects:

MARC

LEADER 00000cam a2200000 7i4500
001 0000000657
005 20000919.0
020 0 0 |a 0852925581 
090 0 0 |a 658.4036   |b HAR 1994 
100 1 0 |a HARDINGHAM   |h Alison 
245 1 0 |a Pulling together :   |b Teawork in practice   |c Alison Hardingham and Jenny Royal 
260 0 0 |a London :   |b Institute of Personnel and Development ,   |c 1994 
300 |a vi, 190 p. ;   |c 22 cm. 
500 0 0 |a Bibliography: [p. 188] and index 
650 0 0 |a Teams in the workplace 
700 0 1 |a Royal   |h Jenny 
999 |a 0000000670   |b Monograph   |c Open Shelf   |e Default branch